000 00957cab a2200301 4500
001 ABS54241
008 090401t1996 xxu||||| |||| 00| 0 eng d
035 _a(Sirsi) u9228
041 _aeng
245 _aConsultation, innovation, regeneration
260 _c1996
350 _a0
490 _aHousing and Planning Review
_v50(6) December 1995/January 1996
520 _aDescribes a regeneration project that is being undertaken in Deptford by the Hyde Housing Association, Wimpey and Lewisham Council, using a mixture of SRB, HAG and private investment funding.
650 _aDEPTFORD
650 _aESTATE ACTION
650 _aFUNDING
650 _aHOUSING ASSOCIATION GRANT
650 _aHOUSING ESTATES
650 _aNEW HOMES
650 _aPRIVATE INVESTMENT
650 _aSINGLE REGENERATION BUDGET
650 _aSOUTHEAST LONDON
650 _aURBAN REGENERATION
690 _aURBAN RENEWAL
942 _n0
948 _c04/03/1997
999 _c5728
_d5728